Latin: 2nd Conjugation Synopsis Quiz - Statistics

General Stats
  • This quiz has been taken 68 times
  • The average score is 64 of 131
Answer Stats
Answer % Correct
teneō
100%
tenēbam
96%
tenēbāmus
96%
tenēbant
96%
tenēbās
96%
tenēbat
96%
tenēbātis
96%
tenēmus
96%
tenent
96%
tenēs
96%
tenet
96%
tenētis
96%
tenēbō
87%
tenuī
87%
tenēbimus
83%
tenēbis
83%
tenēbit
83%
tenēbitis
83%
tenēbunt
83%
tenuimus
78%
tenuistī
78%
tenuistis
78%
tenuit
78%
tenueram
74%
tenuerāmus
70%
tenuerant
70%
tenuerās
70%
tenuerat
70%
tenuerātis
70%
tenuerō
70%
tenēbar
65%
teneor
65%
tenuerimus
65%
tenuerint
65%
tenueris
65%
tenuerit
65%
tenueritis
65%
tenuērunt
65%
tenēbāmur
61%
tenēbantur
61%
tenēbātur
61%
tenēmur
61%
tenentur
61%
tenētur
61%
tenēbāminī
57%
tenēbāris
57%
tenēbimur
57%
tenēbitur
57%
tenēbor
57%
tenēbuntur
57%
tenēminī
57%
tenēre
57%
tenēris
57%
tenēbiminī
52%
tenē
48%
tenēberis
48%
tenērī
43%
tenuisse
43%
teneam
39%
teneāmus
39%
teneant
39%
teneās
39%
teneat
39%
teneātis
39%
tenēte
39%
tentus -a, -um
39%
teneāmini
35%
teneāmur
35%
teneantur
35%
tenear
35%
teneāris
35%
teneatur
35%
tenēns (gen. tenentis)
35%
tentae erāmus
35%
tentae erant
35%
tentae erātis
35%
tentae erimus
35%
tentae eritis
35%
tentae erunt
35%
tentae estis
35%
tenta eram
35%
tenta erās
35%
tenta erat
35%
tenta eris
35%
tenta erit
35%
tenta erō
35%
tenta es
35%
tenta est
35%
tentae sumus
35%
tentae sunt
35%
tenta sum
35%
tenērem
30%
tenērēminī
30%
tenērēmur
30%
tenērēmus
30%
tenērent
30%
tenērentur
30%
tenērer
30%
tenērēris
30%
tenērēs
30%
tenēret
30%
tenērētis
30%
tenērētur
30%
tentum esse
30%
tentūrus -a, -um
30%
tenuissem
30%
tenuissēmus
30%
tenuissent
30%
tenuissēs
30%
tenuisset
30%
tenuissētis
30%
tenendus -a, -um
26%
tentūrum esse
26%
tentae essēmus
22%
tentae essent
22%
tentae essētis
22%
tentae sīmus
22%
tentae sint
22%
tentae sītis
22%
tenta essem
22%
tenta essēs
22%
tenta esset
22%
tenta sim
22%
tenta sīs
22%
tenta sit
22%
tenuerim
22%
tenuerīmus
22%
tenuerint
22%
tenuerīs
22%
tenuerit
22%
tenuerītis
22%
No matching quizzes found
Score Distribution
Percent of People with Each Score
Percentile by Number Answered
Your Score History
You have not taken this quiz